Statistics for James Bond films - Easy

Click here to take the quiz!

General Stats

  • This quiz has been taken 1,147 times
  • The average score is 13 of 14

Answer Stats

HintAnswer% Correct
What letter is used to identify Bond's secret service boss?M
99%
Bond famously has a licence to....what?Kill
98%
What is Bond's famous number?007
98%
In which film did Bond face off against Auric Goldfinger?Goldfinger
96%
Bond carries a Walther PPK, which is a type of what?Gun
95%
For which country's secret service does James Bond work for?United Kingdom
95%
Which letter is used as the title of the quartermaster who provides Bond with his gadgets?Q
95%
Which doctor tried to kill Bond in his first screen adventure?Dr. No
93%
How does Bond take his Martini?Shaken not stirred
90%
What was the name of the freakishly tall killer with villain with jaws made out of metal?Jaws
90%
What is the name of M's secretary?Miss Moneypenny
90%
In which decade were the first James Bond films made?1960s
89%
By which acronym is the Special Executive for Counter-intelligence, Terrorism, Revenge and Extortion better known?SPECTRE
82%
In which film did Bond visit Japan and infiltrate a villain's volcano lair alongside an army of ninjas?You Only Live Twice
60%

Score Distribution

Percentile by Number Answered

Percent of People with Each Score

Your Score History

You have not taken this quiz